Social psychology

Guardat en:
Dades bibliogràfiques
Autor principal: Myers, David G.
Format: CD
Idioma:English
Publicat: Boston : McGraw-Hill, 2002.
Edició:7th ed.
Etiquetes: Afegir etiqueta
Sense etiquetes, Sigues el primer a etiquetar aquest registre!
Thư viện lưu trữ: Thư viện Trường Đại học Đà Lạt
LEADER 00625nam a2200277 4500
001 DLU080063760
005 ##20081030
040 # # |a DLU  |b eng 
041 # # |a eng 
044 # # |a us 
082 # # |a 302  |b MY-D 
100 # # |a Myers, David G. 
245 # # |a Social psychology   |h [CD-ROM] /  |c David G. Myers. 
250 # # |a 7th ed. 
256 # # |a 4 3/4 in. 
260 # # |a Boston :  |b McGraw-Hill,  |c 2002. 
300 # # |a 1 CD-ROM ;  |c 4 3/4 in. 
992 # # |a 0 
994 # # |a DLU 
900 # # |a True 
911 # # |a Nguyễn Thanh Hương 
925 # # |a CD 
926 # # |a A 
927 # # |a CD 
980 # # |a Thư viện Trường Đại học Đà Lạt